00346nam a22000977a 4500020001800000082001600018100001800034245011000052260004600162650004000208 a9781610975964 a291.172 ROB aRobinson, Bob aChristians Meeting Hindus: an Analysis and Theological Critique of the Hindu-Christian Encounter in india aEugene bRegnum Books Internationalc2004 aInterfaith Dialogue-Christian Hindu